BIBLIOTECA

SENCICO

Ridgid : Herramientas para el profesional (Registro nro. 3350)

Detalles MARC
000 -LEADER
fixed length control field 00598nam a2200169Ia 4500
005 - DATE AND TIME OF LATEST TRANSACTION
control field 20251020182611.0
008 - FIXED-LENGTH DATA ELEMENTS--GENERAL INFORMATION
fixed length control field 200515s9999 xx 000 0 und d
082 ## - DEWEY DECIMAL CLASSIFICATION NUMBER
Classification number SC/658.563/R55
110 ## - MAIN ENTRY--CORPORATE NAME
Corporate name or jurisdiction name as entry element Ridge Tool Company
245 #0 - TITLE STATEMENT
Title Ridgid : Herramientas para el profesional
260 ## - PUBLICATION, DISTRIBUTION, ETC.
Place of publication, distribution, etc. Ohio
260 ## - PUBLICATION, DISTRIBUTION, ETC.
Date of publication, distribution, etc. s.a.
300 ## - PHYSICAL DESCRIPTION
Extent 142
520 ## - SUMMARY, ETC.
Summary, etc. Contiene: Herramientas para tubos.- Equipos para el roscado y la fabricación de tubos.- Herramientas para tuberías.- Herramientas de Propósito General.- Herramientas Autopropulsadas.- Limpiadoras de desagües
650 ## - SUBJECT ADDED ENTRY--TOPICAL TERM
Topical term or geographic name entry element HERRAMIENTAS
942 ## - ADDED ENTRY ELEMENTS (KOHA)
Koha item type Libros
Existencias
Fecha de la última vez que lo usaron Pago total Signatura topográfica completa Código de barras Precio efectivo desde Tipo de documento Estado perdido Estado dañado No es para préstamo Retirado Ubicación permanente Ubicación actual Fecha de adquisición
15/05/2020   SC/658.563/R55 Bib-Lima15053350 15/05/2020 Libros         Biblioteca Central Lima Biblioteca Central Lima 15/05/2020